LEADER 01052nam a2200253 u 4500 001 000000002329 003 CaOOAMICUS 005 20070226104423.0 008 940920s1950 be u000 u fre u 035 $a10058151 040 $aPUL(R)$bita 100 1 $aDelhaye, Philippe.$0(OLS)http://pul/name/16 245 14$aUne controverse sur l'âme universelle au IXe siècle /$cPh. Delhaye. 260 $aNamur :$bCentre d'études médiévales,$c1950. 300 $a71, [1] p. ;$c25 cm 490 1 $aAnalecta mediaevalia Namurcensia ;$v[1] 504 $a"Table bibliographique": [69]-71. 830 0$aAnalecta mediaevalia Namurcensia ;$v[1].$0(OLS)http://pul/title/3455 850 $aPUL 852 $aPUL$W1$xSL Religione 1$y3$m80 B 50$j3093$nBK-PRI$b $qStampati$B3093$CPULBib$Z2$F3093 $H $81 941 1 $a8 961 $aINV: 26167 996 $6245$aUne controverse sur l'âme universelle au IXe siècle$9(OLS)http://pul/title/3454 996 $6260$aNamur :$bCentre d'études médiévales$9(OLS)http://pul/publisher/49277 LEADER 01297nam a2200301 u 4500 001 000000045685 003 CaOOAMICUS 005 20070226114705.0 008 990614s1999 fr u000 u fre u 020 $a2711613917 035 $a10826567 040 $aBAV$bita$dPUL(R)$dEFR 100 1 $aTrottmann, Christian.$0(OLS)http://pul/name/19895 245 10$aThéologie et noétique au XIIIe siècle :$bà la recherche d'un statut /$cpar Christian Trottmann. 260 $aParis :$bJ. Vrin,$c1999. 300 $a224 p. ;$c24 cm 490 1 $aEtudes de philosophie médiévale ;$v78 500 $aIndex: p. 219-222. 504 $a"Bibliographie": p. 207-218. 650 4$aTeologia$xCritica e interpretazione.$0(OLS)http://pul/subject/8641 830 0$aEtudes de philosophie médiévale ;$v78.$0(OLS)http://pul/title/1367 850 $aPUL 852 $aPUL$W1$xSL Filosofia 2$y80$mPhil A4 78$j61345$nBK-PRI$b $qStampati altre collocazioni$B61345$CPULBib$Z2$F61345 $H $81 941 1 $a10 961 $aINV: 80096 996 $6020$a2711613917$9(OLS)http://pul/number/56966 996 $6245$aThéologie et noétique au XIIIe siècle :$bà la recherche d'un statut$9(OLS)http://pul/title/61609 996 $6260$aParis :$bJ. Vrin$9(OLS)http://pul/publisher/48393